Statistics for Adam Scott Filmography

Click here to take the quiz!

General Stats

  • This quiz has been taken 19 times
    (5 since last reset)
  • The average score is 13 of 125

Answer Stats

TypeYearName% Correct
Web Series2022-PresentSeverance
100%
TV Show2010-2015, 2020Parks and Recreation
80%
Film2008Step Brothers
80%
TV Show2016The Good Place
80%
Film2012Bachelorette
60%
Film2015Krampus
60%
Film1996Hellraiser: Bloodline
40%
Film2017Little Evil
40%
Film2024Madame Web
40%
TV Show2009-2010, 2023Party Down
40%
Film2017The Most Hated Woman in America
40%
Web Series2019The Twilight Zone
40%
Film2013A.C.O.D.
20%
TV Show2010American Dad!
20%
TV Show2016Angie Tribeca
20%
TV Show2017-2019Big Little Lies
20%
TV Special2020Celebrity Escape Room
20%
TV Show2004CSI: Miami
20%
Film2017Flower
20%
Theater2010Friends with Kids
20%
Film2011Friends with Kids
20%
TV Show2017-2018Ghosted
20%
Film2015Hot Tub Time Machine 2
20%
TV Show2006Law & Order
20%
Film2010Leap Year
20%
Film2008Lovely, Still
20%
Film2005Monster-in-Law
20%
Film2011Our Idiot Brother
20%
Film2009Passenger Side
20%
Film2002Ronnie
20%
Film2012See Girl Run
20%
TV Show2002Six Feet Under
20%
TV Show2012-2014The Greatest Event in Television History
20%
Film2015The Overnight
20%
Film2013The Secret Life of Walter Mitty
20%
Film2009The Vicious Kind
20%
Film2014They Came Together
20%
Film2004Torque
20%
TV Show2005Veronica Mars
20%
Web Series2017Wet Hot American Summer: Ten Years Later
20%
Film2006Who Loves the Sun
20%
TV Show2004Wonderfalls
20%
Short Film2010AIDS: We Did It!
0%
TV Show2016Animals.
0%
Film2006Art School Confidential
0%
Film2008August
0%
TV Show2016Bajillion Dollar Propertie$
0%
Film2019Between Two Ferns: The Movie
0%
Web Series2021Big Mouth
0%
Film2015Black Mass
0%
Short Film2002Bleach
0%
TV Show1994-1995Boy Meets World
0%
TV Show2012Burning Love
0%
TV Show2010Childrens Hospital
0%
Film1994Cityscrapes: Los Angeles
0%
TV Show2012-2016Comedy Bang! Bang!
0%
Film2008Corporate Affairs
0%
Short Film2001Date Squad
0%
TV Show1994Dead at 21
0%
Theater1998Dealer's Choice
0%
Film1997Dinner and Driving
0%
TV Show2020Don't
0%
Web Series2017Do You Want to See a Dead Body?
0%
TV Show2013Drunk History
0%
TV Show2021Duncanville
0%
TV Show2009, 2010Eastbound & Down
0%
TV Show1995ER
0%
Commercial2019Expensify
0%
Short Film2011Fight for Your Right Revisited
0%
Film2006First Snow
0%
Film2017Fun Mom Dinner
0%
Film2021Ghostwriter
0%
Film1998Girl
0%
TV Show2002Glory Days
0%
Film1998Hairshirt
0%
Documentary2020Have a Good Trip: Adventures in Psychedelics
0%
Film2002High Crimes
0%
TV Show1996High Incident
0%
Short Film2012HJ Gloves
0%
Web Series2018I Love You, America with Sarah Silverman
0%
TV Show2019I'm Sorry
0%
Web Series2022Inside Job
0%
Film2007Knocked Up
0%
Web Series2022Loot
0%
Web Special2017Michael Bolton's Big, Sexy Valentine's Day Special
0%
TV Show1995Murder One
0%
Film2016My Blind Brother
0%
Web Series2020Nailed It!
0%
TV Show2014Next Time on Lonny
0%
TV Show2011NTSF:SD:SUV::
0%
TV Show1996NYPD Blue
0%
Film2004Off the Lip
0%
Film2010Operation: Endgame
0%
Film2016Other People
0%
TV Show1998-1999Party of Five
0%
TV Film1997Payback
0%
Film2010Piranha 3D
0%
TV Show2010Pretend Time
0%
TV Show2013Robot Chicken
0%
TV Film1999Sagamore
0%
Film2001Seven and a Match
0%
Film2015Sleeping with Other People
0%
Commercial2014Smirnoff Ice
0%
Short Film2003Something More
0%
Film1996Star Trek: First Contact
0%
TV Show2007Tell Me You Love Me
0%
TV Special2016The Adult Swim Golf Classic
0%
Film2004The Aviator
0%
Film2017The Disaster Artist
0%
Film2008The Great Buck Howard
0%
Film2012The Guilt Trip
0%
Film1996The Last Days of Frankie the Fly
0%
Film1998The Lesser Evil
0%
Film2005The Matador
0%
Film2006The Return
0%
TV Show2010The Sarah Silverman Program
0%
Short Film2011The Terrys
0%
TV Pilot2010The Wonderful Maladys
0%
TV Pilot2013Timms Valley
0%
Film2003Two Days
0%
TV Show2017Veep
0%
Commercial2022Verizon
0%
TV Show1999Wasteland
0%
Short Film2011When Harry Met Sally 2
0%
TV Film1999Winding Roads
0%

Score Distribution

Percentile by Number Answered

Percent of People with Each Score

Your Score History

You have not taken this quiz since the last reset